Цитаделя духа (Запис № 17514)

000 -Маркер запису
Контрольне поле сталої довжини 01883nam a22002537a 4500
003 - Належність контрольного номера
Контрольне поле Uzh_bibl
008 - Кодовані дані
Контрольне поле сталої довжини 260424b |||||||| |||| 00| 0 ukr d
020 ## - Індекс ISBN
ISBN 80-08-01692-2
Ціна 6.33
040 ## - Джерело каталогіз.
Служба первин.кат. укр.
041 ## - Код мови видання
Код мови оригіналу українська
Код мови тексту українська
080 ## - Індекс УДК
Індекс УДК 821(477)
090 ## - Шифри
Поличний індекс 821(477)
Авторський знак О-56
100 ## - Автор
Автор Ольжич, Олег
245 ## - Назва
Назва Цитаделя духа
Відповідальність Упоряд. та вступ. ст. М. Неврлого
Фізичний носій Текст
260 ## - Вихідні дані
Місце видання Братислава
Видавництво Словацьке педагогічне видавництво в Братиславі відділ української літератури в Пряшеві Фундація ім. О. Ольжича в Лондоні
Дата видання 1991
300 ## - Фізичний опис
Обсяг 268 с.
Тип одиниці В опр.
520 ## - Анотація
Анотація Повне зібрання творів поета, уривки із спогадів і праць про нього, бібліографія й фотоматеріали. Впорядкування, передне слово й примітки Миколи Неврлого.
521 ## - Примітка про цільове призначення
Примітка про цільове призначення Для широкого кола читачів
546 ## - Примітка про мову
Примітка про мову укр.
650 ## - Тематичні рубрики
Основна рубрика Літературно-художнє видання
Хронологічна підрубрика Умовно — різні історичні епохи (від давнини до ХХ ст.), а таЧас самого автора (перша половина ХХ ст.). Час у поезіях часто символічний
Географічна підрубрика Не має конкретного місця — це поетичні твори, тому простір узагальнений: Україна, Європа, історичні й духовні «простори» боротьби та культури
653 ## - Ключові слова
Ключові слова Дух
-- Боротьба
-- Нація
-- Героїзм
-- Історія
655 ## - Термін індексування — жанр/форма
Жанр/форма Поезія (лірика, збірка віршів)
Типове ділення [Поезія]
942 ## - ADDED ENTRY ELEMENTS (KOHA)
Джерело класифікації чи схема поличного розташування
Koha item type Книги
Фонди
Статус вилучення Статус втрати/відсутності Джерело класифікації чи схема поличного розташування Статус пошкодження Тип обігу (не для випозичання) Постійне розташування Поточне розташування Розташування у відділі Дата надходження Інвентарний номер Total Checkouts Повний (примірниковий) шифр зберігання Штрих-код Date last seen Дата, для якої чинна ціна заміни Тип одиниці (рівень примірника)
          Публічна бібліотека Публічна бібліотека Абонемент 24/04/2026 44168   821(477) 20180 24/04/2026 24/04/2026 Книги

Працює на АБІС Коха